00589nam a2200193Ia 4500008004100000020002600041040001900067041001200086082003100098100002300129245005200152260005800204300002200262504001900284630002700303650001500330651002600345850002400371131103s9999 xx 000 0 und d a8184045220cRs.200.00 aLoreto College aEnglish a005.13(J)/CRObLCLIB/47534 aCrockford, Douglas aJavaScriptb The good parts cDouglas Crockford aNavi MumbaibShroff Publishers and Distributorsc2008 axiii,153p c 22cm aIncludes index aWeb designing language aJavaScript aProgramming languages aLCLIB/005.13(J)/CRO